Click to Translate - Oromo - Statistics

General Stats
  • This quiz has been taken 153 times
  • The average score is 5 of 20
Answer Stats
Hint Answer % Correct
Father Abbaa
55%
Good morning Akkam Bulte
44%
There Achi
35%
Hot Ho'aa
31%
February Gurraandhala
28%
Tea Shaayee
28%
Afternoon Waaree booda
21%
Teach Barsiisuu
20%
Girl Dubara
19%
Eat Nyaachuu
19%
Green Magariisa
18%
Water Bishaan
17%
Hair Rifeensa
17%
Eight Saddeet
17%
Before Dura
16%
Night Halkan
15%
No Lakki
15%
Please Maaloo
14%
Dog Saree
13%
Why Maalif
12%
No matching quizzes found
Score Distribution
Percent of People with Each Score
Percentile by Number Answered
Your Score History
You have not taken this quiz